Champion crack-ups: (Record no. 3290)

MARC details
000 -LEADER
fixed length control field 01082nam a22002777a 4500
001 - CONTROL NUMBER
control field 3290
003 - CONTROL NUMBER IDENTIFIER
control field FISKH
005 - DATE AND TIME OF LATEST TRANSACTION
control field 20250808142956.0
008 - FIXED-LENGTH DATA ELEMENTS--GENERAL INFORMATION
fixed length control field 240223b cb ||||| |||| 00| 0 eng d
020 ## - INTERNATIONAL STANDARD BOOK NUMBER
International Standard Book Number 9780753462089
040 ## - CATALOGING SOURCE
Original cataloging agency FISKH
Language of cataloging eng
Transcribing agency FISKH
Modifying agency FISKH
050 ## - LIBRARY OF CONGRESS CALL NUMBER
Classification number PN6231.S65
082 ## - DEWEY DECIMAL CLASSIFICATION NUMBER
Classification number 818.60208
100 ## - MAIN ENTRY--PERSONAL NAME
Personal name Swift, Gary
245 ## - TITLE STATEMENT
Title Champion crack-ups:
Remainder of title More than 150 sensational sports jokes /
Statement of responsibility, etc. Illustrated by Gary Swift
250 ## - EDITION STATEMENT
Edition statement First Paperback edition, June 2008
260 ## - PUBLICATION, DISTRIBUTION, ETC.
Place of publication, distribution, etc. London :
Name of publisher, distributor, etc. Kingfisher,
Date of publication, distribution, etc. 2007
300 ## - PHYSICAL DESCRIPTION
Extent 64 pages :
Other physical details illustrations ;
Dimensions 20 cm
490 ## - SERIES STATEMENT
Series statement Sidesplitters
505 ## - FORMATTED CONTENTS NOTE
Formatted contents note F<br/>
520 ## - SUMMARY, ETC.
Summary, etc. Packed with more than 150 jokes, this winning compilation pokes fun at just about every sport--from soccer and swimming to baseball and basketball. Each joke is illustrated by a funny cartoon drawing. A must for any sports fan with a sense of humor,Champion Crackups will cheer up the sore sport on any team!
521 8# - TARGET AUDIENCE NOTE
Target audience note 340<br/>
Source Lexile <br/>
521 8# - TARGET AUDIENCE NOTE
Target audience note F<br/>
Source Raz-Plus<br/>
650 ## - SUBJECT ADDED ENTRY--TOPICAL TERM
Topical term or geographic name entry element Jokes
Form subdivision Fiction
942 ## - ADDED ENTRY ELEMENTS (KOHA)
Source of classification or shelving scheme Dewey Decimal Classification
Koha item type Books
Suppress in OPAC No
Holdings
Withdrawn status Lost status Source of classification or shelving scheme Damaged status Not for loan Collection Home library Current library Shelving location Date acquired Total Checkouts Full call number Barcode Date last seen Price effective from Koha item type Date last checked out Copy number
    Dewey Decimal Classification     Juvenile Fiction Footprints International School Library Network Toul Kork Campus Footprints International School Library Network Toul Kork Campus TK Primary Library Room(4th Floor), Bookcase 7, Shelves 57-60, Dark Green Books 02/23/2024   SWI 818.60208 PN6231.S65 FISTK00444 02/23/2024 02/23/2024 Books    
    Dewey Decimal Classification     Juvenile Fiction Footprints International School Library Network Toul Tom Poung Campus Footprints International School Library Network Toul Tom Poung Campus TTP Primary Green Bookshelves 08/08/2025 1 SWI 818.60208 PN6231.S65 FIS02653 10/03/2025 08/08/2025 Books 09/12/2025 2